[Event "Tenerife-chT Primera"]
[Site "Tenerife"]
[Date "2022.05.21"]
[Round "13.3"]
[White "Salomon Felechosa, Jose Luis"]
[Black "Riutort Aguilar, Francisco"]
[Result "1-0"]
[WhiteElo "1805"]
[BlackElo "1399"]
[PlyCount "85"]
[EventDate "2022.01.29"]
[EventType "team-tourn"]
[EventRounds "14"]
[EventCountry "ESP"]
[SourceTitle "EXT 2024"]
[Source "ChessBase"]
[SourceDate "2023.10.10"]
[SourceVersion "1"]
[SourceVersionDate "2023.10.10"]
[SourceQuality "1"]
[WhiteTeam "Caissa Enroque"]
[BlackTeam "El Sauzal II"]
[WhiteTeamCountry "ESP"]
[BlackTeamCountry "ESP"]

1. e4 c5 2. c3 d6 3. d4 cxd4 4. cxd4 e6 5. Nf3 Nf6 6. Nc3 a6 7. Bd3 Be7 8. 0-0 Nc6 9. a3 0-0 10. h3 Re8 11. Be3 Qc7 12. Rc1 Qd8 13. b4 b5 14. Bb1 Bf8 15. e5 dxe5 16. dxe5 Qxd1 17. Nxd1 Nxe5 18. Nxe5 Bb7 19. Nb2 Bd5 20. Bc5 Rac8 21. Bxf8 Rxf8 22. f3 h6 23. Nbd3 Rfd8 24. Rxc8 Rxc8 25. Rc1 Rxc1+ 26. Nxc1 Ne8 27. Ncd3 Nd6 28. Nb2 f6 29. Nd7 Kf7 30. Nc5 Bb7 31. Nxb7 Nxb7 32. Kf2 f5 33. Bd3 Ke7 34. a4 Nd6 35. axb5 axb5 36. Nd1 Kd7 37. f4 g6 38. Ke3 Kc6 39. Nc3 Kb6 40. Kd4 Kc6 41. Ke5 Nc4+ 42. Bxc4 bxc4 43. Kxe6 1-0

[Event "Tenerife-chT Primera"]
[Site "Tenerife"]
[Date "2022.04.30"]
[Round "10.3"]
[White "Salomon Felechosa, Jose Luis"]
[Black "Surov, Georgii"]
[Result "1/2-1/2"]
[WhiteElo "1805"]
[BlackElo "1159"]
[PlyCount "95"]
[EventDate "2022.01.29"]
[EventType "team-tourn"]
[EventRounds "14"]
[EventCountry "ESP"]
[SourceTitle "EXT 2024"]
[Source "ChessBase"]
[SourceDate "2023.10.10"]
[SourceVersion "1"]
[SourceVersionDate "2023.10.10"]
[SourceQuality "1"]
[WhiteTeam "Caissa Enroque"]
[BlackTeam "Fundacion La Caja de Canarias II"]
[WhiteTeamCountry "ESP"]
[BlackTeamCountry "ESP"]

1. e4 e6 2. d4 d5 3. exd5 exd5 4. Bd3 c5 5. c3 Nc6 6. Ne2 Bd6 7. h3 Nge7 8. 0-0 0-0 9. Be3 c4 10. Bc2 Be6 11. Nd2 Qd7 12. Bf4 Ng6 13. Bxd6 Qxd6 14. Nf3 h6 15. Qd2 a6 16. Rad1 b5 17. Bxg6 fxg6 18. Ne5 Nxe5 19. dxe5 Qxe5 20. Nd4 Bf7 21. Rfe1 Qd6 22. Re3 Rfe8 23. Rde1 Rxe3 24. Rxe3 Re8 25. Rxe8+ Bxe8 26. Qe3 Bf7 27. Nf3 Qe6 28. Qxe6 Bxe6 29. Nd4 Bd7 30. f4 h5 31. Kf2 a5 32. a3 Kf7 33. Kf3 Ke7 34. g4 hxg4+ 35. hxg4 Kd6 36. g5 Kc5 37. Ke3 Bf5 38. Kd2 b4 39. axb4+ axb4 40. Ke3 bxc3 41. bxc3 Kb6 42. Kd2 Ka5 43. Nc6+ Ka4 44. Nd4 Ka3 45. Nb5+ Ka4 46. Nd4 Ka5 47. Ke3 Kb6 48. Kd2 1/2-1/2

[Event "Tenerife-chT Segunda 1920"]
[Site "Tenerife"]
[Date "2019.11.30"]
[Round "1.2"]
[White "Beltran Monzo, Javier"]
[Black "Salomon Felechosa, Jose Luis"]
[Result "1/2-1/2"]
[WhiteElo "1372"]
[BlackElo "1795"]
[PlyCount "75"]
[EventDate "2019.11.30"]
[EventType "team-tourn"]
[EventRounds "14"]
[EventCountry "ESP"]
[SourceTitle "CBM 195 Extra"]
[Source "ChessBase"]
[SourceDate "2020.05.31"]
[SourceVersion "1"]
[SourceVersionDate "2020.05.31"]
[SourceQuality "1"]
[WhiteTeam "Laguna Cotelec II"]
[BlackTeam "Ebano Barrio Nuevo III"]
[WhiteTeamCountry "ESP"]
[BlackTeamCountry "ESP"]

1. e4 g6 2. Nf3 Bg7 3. d4 d6 4. c3 Nf6 5. Bd3 0-0 6. Bg5 c5 7. 0-0 cxd4 8. cxd4 Nc6 9. Nc3 Bg4 10. Be2 Qa5 11. Be3 a6 12. h3 Bxf3 13. Bxf3 e5 14. dxe5 dxe5 15. Ne2 Rfd8 16. Qb3 Qb4 17. Qxb4 Nxb4 18. Bc5 Nd3 19. Ba3 b5 20. Be7 Rd7 21. Bxf6 Bxf6 22. b3 Rc8 23. Rfd1 Rcd8 24. Nc3 Nf4 25. Rxd7 Rxd7 26. Rd1 Rd4 27. Rxd4 exd4 28. Nd5 Nxd5 29. exd5 Kf8 30. Kf1 Ke7 31. Ke2 Kd6 32. Kd3 Kc5 33. a3 a5 34. g3 h5 35. h4 Be5 36. Ke4 Bg7 37. Kd3 f5 38. Bg2 1/2-1/2

[Event "Tenerife-chT Segunda-A 1819"]
[Site "Tenerife"]
[Date "2019.04.27"]
[Round "14.1"]
[White "Salomon Felechosa, Jose Luis"]
[Black "Hernandez Fernandez, Pablo"]
[Result "1-0"]
[WhiteElo "1819"]
[BlackElo "1548"]
[PlyCount "61"]
[EventDate "2018.11.24"]
[EventType "team-tourn"]
[EventRounds "14"]
[EventCountry "ESP"]
[SourceTitle "EXT 2021"]
[Source "ChessBase"]
[SourceDate "2020.10.23"]
[SourceVersion "1"]
[SourceVersionDate "2020.10.23"]
[SourceQuality "1"]
[WhiteTeam "Ebano Barrio Nuevo II"]
[BlackTeam "El Sauzal Libreria Barco"]
[WhiteTeamCountry "ESP"]
[BlackTeamCountry "ESP"]

1. e4 e5 2. Nf3 Nf6 3. Nxe5 d6 4. Nf3 Nxe4 5. Nc3 Nxc3 6. dxc3 Be7 7. Bd3 0-0 8. h3 Nd7 9. 0-0 Re8 10. Re1 Nc5 11. Be3 d5 12. Qd2 c6 13. Rad1 Bd6 14. c4 dxc4 15. Bxc5 Be6 16. Bxh7+ Kxh7 17. Ng5+ Kg8 18. Nxe6 fxe6 19. Qxd6 Qg5 20. Rxe6 Red8 21. Be3 Rxd6 22. Rexd6 Qe5 23. R1d4 Rf8 24. Rd7 Qb5 25. b3 cxb3 26. axb3 a6 27. Re7 Rf6 28. Rdd7 b6 29. Rxg7+ Kf8 30. Bd4 Rh6 31. Rd8# 1-0

[Event "Tenerife-chT Primera 1819"]
[Site "Tenerife"]
[Date "2019.01.12"]
[Round "4.4"]
[White "Salomon Felechosa, Jose Luis"]
[Black "Reyes Lopez, Angel"]
[Result "0-1"]
[WhiteElo "1819"]
[BlackElo "1802"]
[PlyCount "84"]
[EventDate "2018.11.24"]
[EventType "team-tourn"]
[EventRounds "14"]
[EventCountry "ESP"]
[SourceTitle "CBM 189 Extra"]
[Source "ChessBase"]
[SourceDate "2019.06.03"]
[SourceVersion "1"]
[SourceVersionDate "2019.06.03"]
[SourceQuality "1"]
[WhiteTeam "Ebano Barrio Nuevo"]
[BlackTeam "El Sauzal Libreria Barco"]
[WhiteTeamCountry "ESP"]
[BlackTeamCountry "ESP"]

1. e4 c5 2. c3 Nf6 3. e5 Nd5 4. d4 cxd4 5. cxd4 e6 6. Nf3 b6 7. Be2 Ba6 8. 0-0 Be7 9. Nc3 Nxc3 10. bxc3 Qc7 11. Bd2 0-0 12. Bxa6 Nxa6 13. Qa4 Qb7 14. Rac1 b5 15. Qb3 Rab8 16. Rb1 Qc6 17. Rfc1 Rfc8 18. a3 Qc4 19. h3 Qxb3 20. Rxb3 Rc4 21. Rcb1 Nc7 22. Ne1 a6 23. Nc2 Nd5 24. Nb4 Bxb4 25. axb4 Nb6 26. Kf1 Kf8 27. Ke2 Rc6 28. Ra1 Na4 29. Ra2 Rbc8 30. Kd3 f6 31. f4 Ke7 32. Be1 d6 33. exd6+ Kxd6 34. Rba3 h6 35. h4 Rd8 36. Rd2 Kd5 37. Raa2 Rdc8 38. Ra3 Rg8 39. Raa2 g5 40. fxg5 hxg5 41. hxg5 Rxg5 42. g3 Nxc3 0-1

[Event "Tenerife-chT Primera 1718"]
[Site "Tenerife"]
[Date "2018.02.10"]
[Round "9.1"]
[White "Almenares Garcia, Mario Adrian"]
[Black "Salomon Felechosa, Jose Luis"]
[Result "1-0"]
[WhiteElo "2086"]
[BlackElo "1826"]
[PlyCount "47"]
[EventDate "2017.11.11"]
[EventType "team-tourn"]
[EventRounds "14"]
[EventCountry "ESP"]
[SourceTitle "CBM 187 Extra"]
[Source "ChessBase"]
[SourceDate "2018.11.04"]
[SourceVersion "1"]
[SourceVersionDate "2018.11.04"]
[SourceQuality "1"]
[WhiteTeam "El Sauzal Gofio Plus II"]
[BlackTeam "Ebano Casa Venezuela III"]
[WhiteTeamCountry "ESP"]
[BlackTeamCountry "ESP"]

1. e4 g6 2. Nf3 Bg7 3. d3 d6 4. Be2 Nf6 5. Nbd2 0-0 6. c3 c5 7. Nf1 Nc6 8. Ng3 b5 9. h3 a5 10. 0-0 b4 11. d4 bxc3 12. bxc3 cxd4 13. cxd4 Ba6 14. Bxa6 Rxa6 15. Be3 a4 16. d5 Nb8 17. Rb1 Nbd7 18. Qc2 Ra8 19. Nd4 Re8 20. Rfc1 Qc8 21. Nc6 Ne5 22. Nxe7+ Rxe7 23. Qxc8+ Rxc8 24. Rxc8+ 1-0

[Event "Tenerife-chT Primera 1617"]
[Site "Tenerife"]
[Date "2017.03.25"]
[Round "10.2"]
[White "Salomon Felechosa, Jose Luis"]
[Black "Hoyas Cebrian, Lucas"]
[Result "1/2-1/2"]
[WhiteElo "1859"]
[BlackElo "1908"]
[PlyCount "38"]
[EventDate "2016.12.10"]
[EventType "team-tourn"]
[EventRounds "14"]
[EventCountry "ESP"]
[SourceTitle "EXT 2018"]
[Source "ChessBase"]
[SourceDate "2017.10.13"]
[SourceVersion "1"]
[SourceVersionDate "2017.10.13"]
[SourceQuality "1"]
[WhiteTeam "Casa de Venezuela Ebano II"]
[BlackTeam "La Victoria 94"]
[WhiteTeamCountry "ESP"]
[BlackTeamCountry "ESP"]

1. e4 c6 2. d4 Na6 3. c4 d6 4. h3 g6 5. Nf3 Bg7 6. Be2 Nf6 7. Nc3 0-0 8. 0-0 Nc7 9. Be3 b6 10. a4 a5 11. e5 Nd7 12. exd6 exd6 13. Rc1 Nf6 14. Re1 Bf5 15. Bd3 Bxd3 16. Qxd3 h6 17. Ne2 d5 18. Ne5 Qe8 19. Ng3 Ne6 1/2-1/2

[Event "Tenerife-chT Primera"]
[Site "Tenerife"]
[Date "2015.05.16"]
[Round "12.2"]
[White "Salomon Felechosa, Jose Luis"]
[Black "Rivas Crespo, Alejandro"]
[Result "1/2-1/2"]
[WhiteElo "1873"]
[BlackElo "1685"]
[PlyCount "53"]
[EventDate "2015.01.24"]
[EventType "swiss"]
[EventRounds "14"]
[EventCountry "ESP"]
[SourceTitle "EXT 2024"]
[Source "ChessBase"]
[SourceDate "2023.10.10"]
[SourceVersion "1"]
[SourceVersionDate "2023.10.10"]
[SourceQuality "1"]
[WhiteTeam "Casa de Venezuela"]
[BlackTeam "Circulo de Amistad XII Enero"]
[WhiteTeamCountry "ESP"]
[BlackTeamCountry "ESP"]

1. e4 c5 2. c3 Nc6 3. d4 cxd4 4. cxd4 Nf6 5. e5 Nd5 6. Nf3 d6 7. Bc4 dxe5 8. dxe5 Nb6 9. Qxd8+ Nxd8 10. Bb5+ Bd7 11. Nc3 Bxb5 12. Nxb5 Nd5 13. 0-0 Nc6 14. Rd1 0-0-0 15. Bg5 f6 16. exf6 exf6 17. Bh4 Bc5 18. Rac1 Nf4 19. Kf1 Rxd1+ 20. Rxd1 Rd8 21. Rc1 Nd3 22. Rc3 a6 23. Na3 Bb4 24. Rc2 Bxa3 25. bxa3 Kd7 26. Bg3 Nce5 27. Nd4 1/2-1/2

[Event "Tenerife-chT Primera"]
[Site "Tenerife"]
[Date "2015.04.25"]
[Round "10.3"]
[White "Salomon Felechosa, Jose Luis"]
[Black "Afonso Martin, Adasat"]
[Result "1/2-1/2"]
[WhiteElo "1873"]
[BlackElo "1673"]
[PlyCount "76"]
[EventDate "2015.01.24"]
[EventType "swiss"]
[EventRounds "14"]
[EventCountry "ESP"]
[SourceTitle "EXT 2024"]
[Source "ChessBase"]
[SourceDate "2023.10.10"]
[SourceVersion "1"]
[SourceVersionDate "2023.10.10"]
[SourceQuality "1"]
[WhiteTeam "Casa de Venezuela"]
[BlackTeam "La Victoria 94"]
[WhiteTeamCountry "ESP"]
[BlackTeamCountry "ESP"]

1. e4 c5 2. c3 Nf6 3. e5 Nd5 4. d4 cxd4 5. cxd4 e6 6. Nf3 d6 7. Bc4 Nc6 8. 0-0 Be7 9. Bxd5 exd5 10. Qb3 Qc7 11. Qxd5 Be6 12. Qb5 a6 13. Qe2 0-0 14. Bf4 Bg4 15. Nbd2 Nxd4 16. Qd3 Nxf3+ 17. Nxf3 Rfd8 18. exd6 Bxd6 19. Bxd6 Rxd6 20. Qe4 Bxf3 21. Qxf3 Rd2 22. b3 Rad8 23. h3 b5 24. Rfc1 Qd6 25. Qc6 Qd4 26. Rf1 Rxf2 27. Rxf2 Qxa1+ 28. Kh2 Qe5+ 29. g3 g6 30. Qxa6 Rd3 31. Qa8+ Kg7 32. Qg2 h5 33. h4 b4 34. Rd2 Qc3 35. Rxd3 Qxd3 36. Qf2 Qc3 37. Kg2 Qc6+ 38. Kh2 Qc3 1/2-1/2

[Event "Tenerife-chT Primera"]
[Site "Tenerife"]
[Date "2015.03.21"]
[Round "7.2"]
[White "Rodriguez Perez, Jose Eulogio"]
[Black "Salomon Felechosa, Jose Luis"]
[Result "0-1"]
[WhiteElo "1334"]
[BlackElo "1873"]
[PlyCount "42"]
[EventDate "2015.01.24"]
[EventType "swiss"]
[EventRounds "14"]
[EventCountry "ESP"]
[SourceTitle "EXT 2024"]
[Source "ChessBase"]
[SourceDate "2023.10.10"]
[SourceVersion "1"]
[SourceVersionDate "2023.10.10"]
[SourceQuality "1"]
[WhiteTeam "Valledrez"]
[BlackTeam "Casa de Venezuela"]
[WhiteTeamCountry "ESP"]
[BlackTeamCountry "ESP"]

1. e4 g6 2. Nf3 Bg7 3. Bc4 d6 4. 0-0 Nf6 5. d3 0-0 6. Nbd2 c5 7. Re1 Nc6 8. a3 a6 9. Nf1 b5 10. Ba2 Bg4 11. Ne3 Bxf3 12. Qxf3 Nd4 13. Qd1 e6 14. c3 Nc6 15. Ng4 Nxg4 16. Qxg4 Ne5 17. Qg3 Qb6 18. Be3 Nxd3 19. Re2 Qc6 20. Bc1 c4 21. Bb1 Nxc1 0-1

[Event "Tenerife-chT Primera"]
[Site "Tenerife"]
[Date "2015.02.07"]
[Round "3.1"]
[White "Martin Ortega, Oscar"]
[Black "Salomon Felechosa, Jose Luis"]
[Result "1-0"]
[WhiteElo "1913"]
[BlackElo "1873"]
[PlyCount "87"]
[EventDate "2015.01.24"]
[EventType "swiss"]
[EventRounds "14"]
[EventCountry "ESP"]
[SourceTitle "EXT 2024"]
[Source "ChessBase"]
[SourceDate "2023.10.10"]
[SourceVersion "1"]
[SourceVersionDate "2023.10.10"]
[SourceQuality "1"]
[WhiteTeam "La Victoria 94"]
[BlackTeam "Casa de Venezuela"]
[WhiteTeamCountry "ESP"]
[BlackTeamCountry "ESP"]

1. e4 g6 2. d4 Bg7 3. c4 d6 4. Nc3 Nf6 5. Be2 0-0 6. Nf3 Bg4 7. 0-0 Nc6 8. Be3 a6 9. h3 Bxf3 10. Bxf3 e5 11. d5 Ne7 12. c5 Nd7 13. cxd6 cxd6 14. Qb3 b6 15. Be2 f5 16. f3 f4 17. Bf2 g5 18. Qa3 Rf6 19. Rfc1 h5 20. Nb1 Rh6 21. Nd2 Nf6 22. Nc4 Nc8 23. Qb3 b5 24. Nd2 Qd7 25. Qc3 Bf8 26. Qc6 Qxc6 27. Rxc6 Ne8 28. a4 bxa4 29. Rxa6 Rb8 30. Nc4 Rh7 31. R6xa4 Nc7 32. Be1 Be7 33. Rb4 Rxb4 34. Bxb4 Kf7 35. Na5 Rh8 36. Rc1 Na8 37. Ba6 Na7 38. Nc6 Nxc6 39. Rxc6 Rd8 40. Ba5 Rd7 41. b4 Bd8 42. Bc8 Ra7 43. Bxd8 Ra1+ 44. Kh2 1-0

[Event "Tenerife-chT-A1"]
[Site "Tenerife"]
[Date "2013.04.13"]
[Round "11.1"]
[White "Martin Ortega, Oscar"]
[Black "Salomon Felechosa, Jose Luis"]
[Result "1-0"]
[WhiteElo "1909"]
[BlackElo "1909"]
[PlyCount "134"]
[EventDate "2013.01.19"]
[EventType "team-tourn"]
[EventRounds "14"]
[EventCountry "ESP"]
[SourceTitle "EXT 2014"]
[Source "ChessBase"]
[SourceDate "2013.11.20"]
[SourceVersion "1"]
[SourceVersionDate "2013.11.20"]
[SourceQuality "1"]
[WhiteTeam "La Victoria 94"]
[BlackTeam "Escuela Ajedrez Casa Venezuela"]
[WhiteTeamCountry "ESP"]
[BlackTeamCountry "ESP"]

1. e4 g6 2. d4 Bg7 3. Nc3 d6 4. f4 Nf6 5. Nf3 0-0 6. Bd3 c5 7. dxc5 dxc5 8. Qe2 Nc6 9. e5 Nd5 10. Ne4 b6 11. 0-0 Bb7 12. a3 Qc8 13. Bc4 Nc7 14. Be3 Na5 15. Ned2 Nxc4 16. Nxc4 Ba6 17. Nfd2 Nd5 18. Rfe1 Qf5 19. Qf3 Nxe3 20. Nxe3 Qd7 21. Rad1 Bb7 22. Qg3 Qb5 23. b3 Rad8 24. c4 Qa5 25. Nb1 Be4 26. Nd5 Bxd5 27. cxd5 Qa6 28. Qd3 Qc8 29. a4 Rd7 30. Nc3 Rfd8 31. Qc4 a6 32. Rd2 Ra7 33. Red1 Qf5 34. d6 exd6 35. Rxd6 Rad7 36. Ne4 Rxd6 37. Rxd6 Rxd6 38. Nxd6 Qe6 39. Qxe6 fxe6 40. Nc8 b5 41. axb5 axb5 42. Nd6 b4 43. Kf2 Kf8 44. h4 h6 45. Nc4 Ke7 46. Ke3 Kd7 47. Kd3 Bf8 48. g3 Be7 49. Nd2 Kc6 50. Ne4 Bf8 51. Kc4 Be7 52. Nf6 Bf8 53. Ng8 Kb6 54. g4 Kc6 55. Nf6 Be7 56. h5 gxh5 57. Nxh5 Kd7 58. Kb5 Ke8 59. Ng3 Kf7 60. Ne4 Kg6 61. Nxc5 h5 62. gxh5+ Kxh5 63. Nxe6 Kg6 64. Nd4 Kh5 65. f5 Kg5 66. f6 Bxf6 67. exf6 Kxf6 1-0

[Event "Tenerife-chT-A1"]
[Site "Tenerife"]
[Date "2013.04.06"]
[Round "10.1"]
[White "Villavicencio Martinez, Carlos Luis"]
[Black "Salomon Felechosa, Jose Luis"]
[Result "1-0"]
[WhiteElo "2084"]
[BlackElo "1909"]
[PlyCount "71"]
[EventDate "2013.01.19"]
[EventType "team-tourn"]
[EventRounds "14"]
[EventCountry "ESP"]
[SourceTitle "EXT 2014"]
[Source "ChessBase"]
[SourceDate "2013.11.20"]
[SourceVersion "1"]
[SourceVersionDate "2013.11.20"]
[SourceQuality "1"]
[WhiteTeam "Laguna Cotelec II"]
[BlackTeam "Escuela Ajedrez Casa Venezuela"]
[WhiteTeamCountry "ESP"]
[BlackTeamCountry "ESP"]

1. Nf3 Nf6 2. c4 g6 3. Nc3 Bg7 4. g3 0-0 5. Bg2 d6 6. 0-0 c6 7. d4 Nbd7 8. Qc2 Rb8 9. a4 a5 10. h3 h6 11. e4 e5 12. Be3 Qe7 13. Rfe1 Re8 14. Rad1 Nf8 15. dxe5 dxe5 16. Nxe5 Nxe4 17. Nxe4 Bxe5 18. Bc5 Qc7 19. Nf6+ Bxf6 20. Rxe8 Bf5 21. Qe2 Rxe8 22. Qxe8 Qc8 23. Re1 Qxe8 24. Rxe8 Bg7 25. Ra8 Bc2 26. Rxa5 Bxb2 27. Ra8 Bg7 28. a5 Bd3 29. Bf1 Be4 30. Rb8 Bf3 31. Rxb7 Ne6 32. Rb8+ Kh7 33. a6 Nxc5 34. a7 Na6 35. Rc8 c5 36. Bg2 1-0

[Event "Tenerife-chT-A1"]
[Site "Tenerife"]
[Date "2013.03.09"]
[Round "7.1"]
[White "Almenares Garcia, Mario Adrian"]
[Black "Salomon Felechosa, Jose Luis"]
[Result "1/2-1/2"]
[WhiteElo "2014"]
[BlackElo "1909"]
[PlyCount "78"]
[EventDate "2013.01.19"]
[EventType "team-tourn"]
[EventRounds "14"]
[EventCountry "ESP"]
[SourceTitle "EXT 2014"]
[Source "ChessBase"]
[SourceDate "2013.11.20"]
[SourceVersion "1"]
[SourceVersionDate "2013.11.20"]
[SourceQuality "1"]
[WhiteTeam "El Sauzal Libreria Barco II"]
[BlackTeam "Escuela Ajedrez Casa Venezuela"]
[WhiteTeamCountry "ESP"]
[BlackTeamCountry "ESP"]

1. e4 g6 2. Nf3 Bg7 3. d4 d6 4. Bb5+ c6 5. Be2 Nf6 6. Nbd2 0-0 7. 0-0 e5 8. c3 Re8 9. dxe5 dxe5 10. Qc2 Qc7 11. Re1 a5 12. Nf1 Bg4 13. Be3 Nbd7 14. h3 Bxf3 15. Bxf3 h6 16. Rad1 Rad8 17. Qc1 Kh7 18. Qc2 Bf8 19. Rd2 Nc5 20. Red1 Rxd2 21. Rxd2 Rd8 22. g3 Ne6 23. Qd1 Rxd2 24. Qxd2 Nc5 25. Bxc5 Bxc5 26. Ne3 Bxe3 27. Qxe3 b6 28. Kg2 Kg7 29. Qd3 h5 30. a4 c5 31. Be2 Qc6 32. Bf3 Qxa4 33. Qd6 Nxe4 34. Qxe5+ Nf6 35. g4 hxg4 36. hxg4 Qe8 37. Qf4 Qe6 38. c4 Nh7 39. Bd5 Qf6 1/2-1/2

[Event "Tenerife-chT"]
[Site "Tenerife"]
[Date "2013.02.02"]
[Round "3.4"]
[White "Salomon Felechosa, Jose Luis"]
[Black "Alvarez Diaz, Victor Alfonso"]
[Result "0-1"]
[WhiteElo "1909"]
[BlackElo "1882"]
[PlyCount "80"]
[EventDate "2013.01.19"]
[EventType "team-tourn"]
[EventRounds "14"]
[EventCountry "ESP"]
[SourceTitle "EXT 2014"]
[Source "ChessBase"]
[SourceDate "2013.11.20"]
[SourceVersion "1"]
[SourceVersionDate "2013.11.20"]
[SourceQuality "1"]
[WhiteTeam "Casa de Venezuela Ebano"]
[BlackTeam "Canarias 64"]
[WhiteTeamCountry "ESP"]
[BlackTeamCountry "ESP"]

1. e4 c5 2. c3 Nf6 3. e5 Nd5 4. d4 cxd4 5. cxd4 Nc6 6. Nf3 d6 7. Bc4 e6 8. Bxd5 exd5 9. h3 Be7 10. 0-0 0-0 11. Nc3 dxe5 12. dxe5 Be6 13. Re1 Bb4 14. Bd2 h6 15. a3 Bc5 16. Na4 Be7 17. Rc1 Rc8 18. Be3 b6 19. b4 Qd7 20. Bxb6 axb6 21. Nxb6 Qb7 22. Nxc8 Rxc8 23. Nd4 Nxd4 24. Qxd4 Ra8 25. Re3 Ra4 26. Rg3 Qa8 27. Rcc3 Ra7 28. Qd2 Kh8 29. Qd4 Bd8 30. Kh1 Qb8 31. Rc6 Rb7 32. f4 Bb6 33. Qd3 d4 34. f5 Bd7 35. Rxb6 Rxb6 36. Qxd4 Bxf5 37. Re3 Rg6 38. a4 Qa8 39. Rf3 Bxh3 40. Qf2 Bxg2+ 0-1

[Event "Canarias-chT"]
[Site "Fuerteventura"]
[Date "2012.06.07"]
[Round "2.3"]
[White "Salomon Felechosa, Jose Luis"]
[Black "Gonzalez Acosta, Angel"]
[Result "1/2-1/2"]
[WhiteElo "1923"]
[BlackElo "2059"]
[PlyCount "63"]
[EventDate "2012.06.07"]
[EventType "team-tourn"]
[EventRounds "7"]
[EventCountry "ESP"]
[SourceTitle "CBM 148 Extra"]
[Source "ChessBase"]
[SourceDate "2012.06.22"]
[SourceVersion "1"]
[SourceVersionDate "2012.06.22"]
[SourceQuality "1"]
[WhiteTeam "Casa de Venezuela Ebano"]
[BlackTeam "Sociedad Democracia"]
[WhiteTeamCountry "ESP"]
[BlackTeamCountry "ESP"]

1. e4 d5 2. exd5 Qxd5 3. Nc3 Qa5 4. d4 Nf6 5. Nf3 Bg4 6. Be2 Ne4 7. Bd2 Nxd2 8. Nxd2 Bxe2 9. Qxe2 c6 10. 0-0 e6 11. a3 Be7 12. Nc4 Qd8 13. Rad1 0-0 14. Ne4 Nd7 15. Rd3 Nf6 16. Nxf6+ Bxf6 17. c3 Qc7 18. Rh3 Rfd8 19. Qh5 h6 20. Ne3 Qe7 21. f4 c5 22. dxc5 Rac8 23. Rd1 Rxd1+ 24. Qxd1 Qxc5 25. Kh1 Rd8 26. Qe2 Qd6 27. Rf3 e5 28. fxe5 Qxe5 29. Qf1 Bg5 30. Ng4 Qe6 31. Nf2 Rd7 32. Nd3 1/2-1/2